000 01147 a2200229 4500
001 28351
005 20260407155555.0
008 260407a2001 arg spa d
003 AR-UNSa-BCEJYS
040 _aAR-UNSa-BCEJYS
_bspa
_cAR-UNSa-BCEJYS
080 _a657
_xContabilidad
245 1 0 _aElementos para una teoría general de la contabilidad
020 _a950-527-480-7
264 1 _aBuenos Aires :
_bLa Ley
_c2001
300 _a305 p.
_c25 cm.
505 _a1. Introducción - 2. Dominio o universo del discurso contable - 3. Naturaleza o status epistemológico de la contabilidad - 4. Relaciones de la contabilidad con otras disciplinas - 5. Segmentación o unidad contable absoluta - 6. Sistemas contables - 7. Medición - 8. Personas o sujetos de la actividad contable - 9. Modelos en la teoría general contable.
942 _cBK
590 _aniveau_biblio:m niveau_hierar:0
100 1 _aGarcía Casella, Carlos Luis
700 1 _aRodríguez de Ramírez, María del Carmen
856 4 1 _uhttps://biblioeco.unsa.edu.ar/pmb/images/libros/Elementos para una teoria general de la contabilidad-l116125.jpg
_yImagen de portada
_qimage/jpeg
999 _c1699
_d1699